Soccer Clubs by Logo #2 - Statistics

General Stats
  • This quiz has been taken 182 times
    170 since last reset
  • The average score is 13 of 16
Answer Stats
Picture Answer % Correct
Juventus
95%
Atletico Madrid
92%
BSC Young Boys
92%
Brighton & Hove Albion
88%
Galatasaray
86%
Real Betis
86%
Sevilla
86%
Eintracht Frankfurt
84%
Olympique Marseille
83%
Real Sociedad
81%
Club Brugge
80%
Bologna
79%
Colombia
75%
Croatia
75%
Swansea City
74%
Sheffield United
70%
No matching quizzes found
Score Distribution
Percent of People with Each Score
Percentile by Number Answered
Your Score History
You have not taken this quiz since the last reset